000 00424nam a22001697a 4500
005 20180202100715.0
008 160430b xxu||||| |||| 00| 0 eng d
020 _a81-291-0346-7
041 _aeng
082 _b1063
_a004.6
100 _aMorris B. Stephen
_9339
245 _aNetwork Management, MIBS and MPLS
260 _aNew Delhi
_bPearson Education,
_c2004
300 _a379
650 _aManagement
_9241
942 _cBK
999 _c392
_d392